书目信息 |
| 题名: |
我的工作我作主
|
|
| 作者: | 翟文明 编著 | |
| 分册: | ||
| 出版信息: | 北京 光明日报出版社 2005.11 |
|
| 页数: | 188页 | |
| 开本: | 21cm | |
| 丛书名: | ||
| 单 册: | ||
| 中图分类: | B026-49 | |
| 科图分类: | ||
| 主题词: | 工作方法--gong zuo fang fa--通俗读物 | |
| 电子资源: | ||
| ISBN: | 7-80145-996-2 | |
| 000 | 00859nam0 2200229 450 | |
| 001 | 012006717827 | |
| 005 | 20060925161804.60 | |
| 010 | @a7-80145-996-2@dCNY16.80 | |
| 100 | @a20060825d2005 km y0chiy0120 ea | |
| 101 | 0 | @achi |
| 102 | @aCN@b110000 | |
| 105 | @ay z 000yy | |
| 200 | 1 | @a我的工作我作主@Awo de gong zuo wo zuo zhu@d= My work should be at my disposal@f翟文明编著@Fzhai wen ming bian zhu@zeng |
| 210 | @a北京@c光明日报出版社@d2005.11 | |
| 215 | @a188页@d21cm | |
| 330 | @a本书分为“我的工作,我作主”;“这样工作最有效”;“成为优秀团队中的重要一员”;“打造你的核心竞争力”;“职业生涯,我作主”等五部分内容。 | |
| 510 | 1 | @aMy work should be at my disposal@zeng |
| 606 | 0 | @a工作方法@Agong zuo fang fa@j通俗读物 |
| 690 | @aB026-49@v4 | |
| 701 | 0 | @a翟文明@Azhai wen ming@4编著 |
| 801 | 0 | @aCN@c20060925 |
| 905 | @a10447@dB026-49@eZ048 | |
| 我的工作我作主= My work should be at my disposal/翟文明编著.-北京:光明日报出版社,2005.11 |
| 188页;21cm |
| ISBN 7-80145-996-2:CNY16.80 |
| 本书分为“我的工作,我作主”;“这样工作最有效”;“成为优秀团队中的重要一员”;“打造你的核心竞争力”;“职业生涯,我作主”等五部分内容。 |
| ● |
| 相关链接 |
|
|
|
正题名:我的工作我作主
索取号:B026-49/Z048
 
预约/预借
| 序号 | 登录号 | 条形码 | 馆藏地/架位号 | 状态 | 备注 |
| 1 | 220716 | 202207165 | 社科库509/509社科库 7排3列3层/ [索取号:B026-49/Z048] | 在馆 | |
| 2 | 220717 | 202207174 | 社科库509/509社科库 7排3列3层/ [索取号:B026-49/Z048] | 在馆 | |
| 3 | 220718 | 202207183 | 社科库509/509社科库 7排3列3层/ [索取号:B026-49/Z048] | 在馆 |